02456cam a22005054i 4500003000900000005001700009008004100026035002000067040003300087049000900120050002000129082001700149082002000166110009400186245005400280246006200334264002800396300003900424336002000463337002100483338002200504505040800526526001000934526001000944526001000954526001000964526000800974526000800982526000800990526000800998526000801006526000801014526000801022910000801030910002801038942001401066949011901080994001401199596000801213999017701221999014901398999016601547980005501713952018201768PE-LiUPU20250731172855.0160822s2013 flu r 000 0 spa d a(Sirsi) a163080 aPE-LiUPUbspacPE-LiUPUerda aPRUA 4aBX6152.66b.R4704a286.732bD6604a286.732068bD661 aDivisión Sudamericana de la Asociación General de los Adventistas del Séptimo día10aReglamentos eclesiástico-administrativos 2013 .3 aDos mil trece reglamentos eclesiástico-administrativos. aFlorida :bIASD,c2013. a735 páginas ;c20 centímetros. text2rdacontent unmediated2media volume2rdacarrier0 aConstitución de la asociación General -- Declaración de misión -- Reglamentos eclesiástico-administrativos de la división sudamericana -- Plan administrativo de la División Sudamericana -- Modelos de estatutos y reglamento interno -- Licencias/credenciales, estatus, llamados, registro de servicios, vacaciones y finanzas personales de los obreros -- Ministerio de capellanía adventista. aSEG42 aSEG41 aSEG40 aSEG39 aP94 aP87 aP86 aP85 aP77 aP76 aP35 chop adbmbkslcksld20200205 2ddccBOOK a286.732 D66wLCc1iCW00107lCIWmBULp00.00r1sYtBOOKu2017-02-01xWHITEzUNKNOWN0COMPRAo.STAFF. Centro White aC0bPEPRU a1 4 a286.732 D66wDEWEYc11989i70711d11989e2018-6-18f2021-11-11g6lCCODEBUL1mBULn2p20.00q4r0sYtBOOKu2016-8-22xTEOLOGIAPP350COMPRAo.STAFF. Colección Teología a286.732068 D66 2013wDEWEYc1iCW00107f2021-12-22g2lCCODECWL1mBWLp20.00r0sYtBOOKu2017-2-1xWHITEzUNKNOWN0COMPRAo.STAFF. Centro White a286.732068 D66 2013wDEWEYc1iCW001587f2021-12-22g2lCCODECWL1mBULp15.00r1sYtBOOKu2020-2-5xWHITEzUNKNOWN0DONACIONo.STAFF. Colección Elena de White 81gALBERTO SANCHEZ Responsable de Automatización r2025-12-02 00:00:00i7l2o286.732 D66p70711s2018-06-18te1v25.00w2016-08-22xFTyBKzinventario-2023-12-13102ddc50708GENfP35aBULbBULcGENd2016-08-22eCOMPRAg20.00